00537nam a2200193 a 4500001001300000003000900013005001700022008004100039020002300080082001600103100003000119245003300149260003800182300001000220500003500230505003000265650001800295700003000313nice12345678IN_TiNIC20260116013204.0050524s1997 usaa grp 000 0 eng  a0911119 c10000a297.09bHUS aHussaini, Mohammad Mazhar aHistory of the Muslim Ummah. aUSAbAl-Mizan Internationalc1997 a149p. aincludes index and biblioraphy2 atwo volumes bound in one. aIslam-History1 aHussaini, Mohammad Mazhar